Essays on the Spread of Humanistic and Renaissance Literary Civilization in the Slavic World (15th-17th Century). An Introduction (Record no. 35047)
[ view plain ]
| 000 -LEADER | |
|---|---|
| fixed length control field | 00561nam a2200145Ia 4500 |
| 008 - FIXED-LENGTH DATA ELEMENTS--GENERAL INFORMATION | |
| fixed length control field | 220620s9999||||xx |||||||||||||| ||und|| |
| 020 ## - INTERNATIONAL STANDARD BOOK NUMBER | |
| International Standard Book Number | 9788860000000 |
| 022 ## - INTERNATIONAL STANDARD SERIAL NUMBER | |
| International Standard Serial Number | 2612-7679 |
| 100 ## - MAIN ENTRY--PERSONAL NAME | |
| Personal name | Siedina, Giovanna::0000-0002-3336-552X::600 |
| 245 #0 - TITLE STATEMENT | |
| Title | Essays on the Spread of Humanistic and Renaissance Literary Civilization in the Slavic World (15th-17th Century). An Introduction |
| 546 ## - LANGUAGE NOTE | |
| Language note | English[eng] |
| 650 ## - SUBJECT ADDED ENTRY--TOPICAL TERM | |
| Topical term or geographic name entry element | Humanism||the Renaissance||Slavic cultures and literatures |
| 856 ## - ELECTRONIC LOCATION AND ACCESS | |
| Uniform Resource Identifier | <a href="https://www.fupress.com/redir.ashx?RetUrl=15415.pdf">https://www.fupress.com/redir.ashx?RetUrl=15415.pdf</a> |
| 942 ## - ADDED ENTRY ELEMENTS (KOHA) | |
| Koha item type | E-Books |
| Withdrawn status | Lost status | Damaged status | Not for loan | Home library | Current library | Date acquired | Total Checkouts | Date last seen | Price effective from | Koha item type |
|---|---|---|---|---|---|---|---|---|---|---|
| Kerala University of Digital Sciences, Innovation and Technology Knowledge Centre | Kerala University of Digital Sciences, Innovation and Technology Knowledge Centre | 20/06/2022 | 20/06/2022 | 20/06/2022 | E-Books |